| 000 | 01385nam a2200289Ia 4500 | ||
|---|---|---|---|
| 003 | Ost | ||
| 005 | 20260507074929.0 | ||
| 008 | 260507s9999||||xx |||||||||||||| ||und|| | ||
| 020 | _a9789957060015 | ||
| 040 | _cfsecg | ||
| 041 | _aara | ||
| 082 | _a657.46 | ||
| 100 |
_aالخداش، حسام الدين مصطفى _eمؤلف |
||
| 245 | 0 |
_aأصول المحاسبة المالية (ج1) / _c حسام الدين مصطفى الخداش |
|
| 250 | _aطبعة 6 | ||
| 260 |
_aعمان: _bدار المسيرة, _c2009 |
||
| 300 |
_a399 صفحة؛ _bإيضاحات ؛ _c24 سم |
||
| 504 | _aببليوغرافيا: ص.395 ؛ ط.1 1998 | ||
| 520 | _aمدخل الى علم المحاسبة المالية- تحليل العمليات المالية- الدفاتر المحاسبية- العمليات التمويلية والرأسمالية- عمليات البضاعة- الخصم- الأوراق التجارية- ميزان المراجعة- الحسابات الختامية وكشف الميزانية العمومية | ||
| 653 | _aالأوراق التجارية | ||
| 653 | _aالرأسمالية | ||
| 653 | _aالمحاسبة المالية | ||
| 653 | _aمراجعة الحسابات | ||
| 700 |
_aصيام، وليد زكريا _eمؤلف ثانوي |
||
| 700 |
_aنور، عبد الناصر ابراهيم _eمؤلف ثانوي |
||
| 942 | _cكتاب | ||
| 999 |
_c41843 _d41843 |
||